01450nam a2200169Ia 4500001001300000003001000013008004100023040002500064041000700089100002600096245004200122250001100164260002300175300001200198500100500210650006501215b6235-44101 IT-MiCISF161014s9999||||xx |||||||||||||| ||und|| aIT-MiCISFcIT-MiCISF ait aCastellani Maria Rita 0aIl diritto del bambino alla tenerezza a1a ed. aBolognabEDBc2007 app. 208 aRocchetta Carlo (prefazione) / vita-familiare, bisogni-famiglia, affettività, educazione-familiare, educazione-morale, educazione-religiosa, rapporti-genitori-figli, crescita-bambini, sessualità, educazione-sessuale / L'A., laureata in pedagogia e madre di cinque figli, è responsabile della scuola internazionale per formatori della Comunità Magnficat del Rinnovamento nello Spirito. In questo libro analizza, sotto il profilo psicologico, le qualità della tenerezza familiare: il calore affettivo, la fiducia, la stabilità. Il calore affettivo rappresenta l'espressione di un incontro tra adulti e minori in termini positivi. La fiducia presuppone la genuinità dell'amore offerto e rimanda a uno scambio incarnato di affetto e stima. La stabilità garantisce la continuità della relazione e rende duratura la comunicazione affettiva. La tenerezza in famiglia rappresenta il cuore della genitorialità ed il primo alimento di cui si ha bisogno non appena ci si affaccia alla vita. a Genitorialità e problemi educativi / genitorialitàe004